Manual de salud electrónica para directivos de servicios y sistemas de salud / (Record no. 7540)

MARC details
000 -LEADER
fixed length control field 02559nam a22002177a 4500
008 - FIXED-LENGTH DATA ELEMENTS--GENERAL INFORMATION
fixed length control field 220421b ||||| |||| 00| 0 spa d
100 1# - MAIN ENTRY--PERSONAL NAME
9 (RLIN) 14199
Personal name Carnicero, Javier
Relator term coord.
245 10 - TITLE STATEMENT
Title Manual de salud electrónica para directivos de servicios y sistemas de salud /
Statement of responsibility, etc Coordinadores Javier Carnicero, Andrés Fernández
260 ## - PUBLICATION, DISTRIBUTION, ETC. (IMPRINT)
Place of publication, distribution, etc Santiago de Chile :
Name of publisher, distributor, etc Naciones Unidas,
Date of publication, distribution, etc 2012.
300 ## - PHYSICAL DESCRIPTION
Extent 414 p.
Other physical details digital
505 ## - FORMATTED CONTENTS NOTE
Formatted contents note Capítulo I El sistema de información del hospital. -- Capítulo II La historia clínica electrónica. -- Capítulo III La gestión integral de peticiones clínicas en el ámbito de la salud electrónica. -- Capítulo IV Sistemas de información del laboratorio clínico. -- Capítulo V Patología digital y telepatología. -- Capítulo VI Gestión de la imagen médica digital. -- Capítulo VII Telemedicina: generalidades y áreas de aplicación clínicas. -- Capítulo VIII Telerradiología. -- Capítulo IX La gestión electrónica de la farmacoterapia. -- Capítulo X Intercambio internacional de información clínica. -- Capítulo XI Sistemas de información de salud pública. -- Capítulo XII Sistemas de información de salud laboral. -- Capítulo XIII Educación a distancia en el área de salud: la experiencia de Brasil. -- Capítulo XIV Sistemas de información para la planificación y control de gestión en los servicios y sistemas de salud. -- Capítulo XV Interoperabilidad. -- Capítulo XVI Principios de seguridad de la información en entornos de salud. -- Capítulo XVII Gestión de proyectos de salud electrónica. -- Capítulo XVIII Infraestructura y requisitos básicos de los sistemas de salud electrónica. -- Capítulo XIX Un caso de uso: el proyecto corporativo de salud electrónica de la Comunidad Foral de Navarra.
520 ## - SUMMARY, ETC.
Summary, etc Este Manual es un aporte al proceso de toma de decisiones para incorporar tecnologías de la información y de las comunicaciones (TIC) en las estrategias públicas de salud. En él se abordan casi todas las áreas en las que estas pueden ser aplicadas, se aclaran conceptos, se especifican beneficios e identifican requerimientos.
650 #0 - SUBJECT ADDED ENTRY--TOPICAL TERM
Source of heading or term decs
9 (RLIN) 3299
Topical term or geographic name as entry element TECNOLOGÍA MÉDICA
650 #0 - SUBJECT ADDED ENTRY--TOPICAL TERM
Source of heading or term decs
9 (RLIN) 6183
Topical term or geographic name as entry element SISTEMAS DE SALUD
700 1# - ADDED ENTRY--PERSONAL NAME
9 (RLIN) 14201
Personal name Fernández, Andrés
Relator term coord.
710 2# - ADDED ENTRY--CORPORATE NAME
Corporate name or jurisdiction name as entry element Comisión Económica para América Latina y el Caribe
9 (RLIN) 3350
710 ## - ADDED ENTRY--CORPORATE NAME
9 (RLIN) 14200
Corporate name or jurisdiction name as entry element Sociedad Española de Informática de la Salud.
856 ## - ELECTRONIC LOCATION AND ACCESS
Uniform Resource Identifier <a href="https://repositorio.cepal.org/handle/11362/3023">https://repositorio.cepal.org/handle/11362/3023</a>
942 ## - ADDED ENTRY ELEMENTS (KOHA)
Source of classification or shelving scheme Dewey Decimal Classification
Item type Libro electrónico
980 ## - EQUIVALENCE OR CROSS-REFERENCE-SERIES STATEMENT--PERSONAL NAME/TITLE [LOCAL, CANADA]
Linkage 2
Personal name Virginia Figueroa
Field link and sequence number
Miscellaneous information CRON CRON
Holdings
Withdrawn status Lost status Source of classification or shelving scheme Damaged status Not for loan Collection code Home library Current library Date acquired Total Checkouts Date last seen Uniform Resource Identifier Price effective from Koha item type
    Dewey Decimal Classification   Acceso en línea Recursos en Línea Biblioteca Central Biblioteca Central 21/04/2022   21/04/2022 https://repositorio.cepal.org/handle/11362/3023 21/04/2022 Libro electrónico

Lunes a Viernes 8:30 a 19:00 hs. Cerrado por mudanza
Av.Calchaqui 6200 Florencio Varela (CP188) 2°piso Edificio Mosconi Aula 209-210
Mail: bibliotecacentralunaj@gmail.com  
Whatsapp(54 9)1122668024    ❔Pregunte a la bibliotecaria
© Universidad Nacional Arturo Jauretche | Secretaría Académica | Biblioteca Central UNAJ